Normal view
MARC view
Entry Topical Term
001 - CONTROL NUMBER
- control field: 2091
003 - CONTROL NUMBER IDENTIFIER
- control field: NUST
005 - DATE AND TIME OF LATEST TRANSACTION
- control field: 20170606130524.0
008 - FIXED-LENGTH DATA ELEMENTS
- fixed length control field: 170606|| aca||aabn | a|a d
040 ## - CATALOGING SOURCE
- Original cataloging agency: NUST
- Transcribing agency: NUST
150 ## - HEADING--TOPICAL TERM
- Topical term or geographic name entry element:
- General subdivision: Flight Simulator Design
670 ## - SOURCE DATA FOUND
- Source citation: Work cat.: (NUST)23681: International Air Transport Association 2090, Flight Simulator Design and Performance Data Requirements , c2000
